000
00232nam a2200097Ia 4500
008
170619s9999 xx 000 0 und d
100
_a
Sharma- Sanjay
245
0
_a
Analog communication system
260
_b
Kataria and Sons
260
_c
2004
546
_a
ENGLISH
999
_c
17286
_d
17286